Պ. տը Գամօր / (Record no. 534777)
[ view plain ]
| 000 -LEADER | |
|---|---|
| fixed length control field | 01016nam a2200253 a 4500 |
| 001 - CONTROL NUMBER | |
| control field | 2017734 |
| 003 - CONTROL NUMBER IDENTIFIER | |
| control field | AM-YEHGA |
| 005 - DATE AND TIME OF LATEST TRANSACTION | |
| control field | 20250714160214.0 |
| 008 - FIXED-LENGTH DATA ELEMENTS--GENERAL INFORMATION | |
| fixed length control field | 250508s1876 tu ||||r|||||00||1|arm|d |
| 040 ## - CATALOGING SOURCE | |
| Original cataloging agency | AM-YEHGA |
| 041 0# - LANGUAGE CODE | |
| Language code of text/sound track or separate title | arm |
| 100 0# - MAIN ENTRY--PERSONAL NAME | |
| Personal name | Ֆէօյէ Օկտավ |
| 245 10 - TITLE STATEMENT | |
| Title | Պ. տը Գամօր / |
| Statement of responsibility, etc. | Հեղինակ՝ Օգթավ Ֆէօյեէ ; Թարգմանեաց Գր. Չիլինկիրեան ; Տէր եւ հրատարակիչ Տ. Յ. Տէտէեան. |
| 260 ## - PUBLICATION, DISTRIBUTION, ETC. | |
| Place of publication, distribution, etc. | Զմիւռնիա : |
| Name of publisher, distributor, etc. | Տպագրութիւն Տէտէեան, |
| Date of publication, distribution, etc. | 1876. |
| 300 ## - PHYSICAL DESCRIPTION | |
| Extent | հատոր |
| 500 ## - GENERAL NOTE | |
| General note | Շարվածքը` 15x10 սմ։ |
| 505 10 - FORMATTED CONTENTS NOTE | |
| Miscellaneous information | Հ․ 1 (1876, 164 էջ) |
| -- | Հ․ 2 (1876, 156 էջ) |
| 650 14 - SUBJECT ADDED ENTRY--TOPICAL TERM | |
| Topical term or geographic name entry element | Ֆրանսիական գրականություն |
| 9 (RLIN) | 4810 |
| 651 04 - SUBJECT ADDED ENTRY--GEOGRAPHIC NAME | |
| Geographic name | Իզմիր |
| 9 (RLIN) | 5978 |
| 651 04 - SUBJECT ADDED ENTRY--GEOGRAPHIC NAME | |
| Geographic name | Թուրքիա |
| 700 1# - ADDED ENTRY--PERSONAL NAME | |
| Personal name | Տէտէեան, Տիգրան Յարութիւն, |
| Dates associated with a name | 1832-1868 |
| Relator term | հրատ. |
| Relationship | pbl |
| 9 (RLIN) | 3983 |
| 700 1# - ADDED ENTRY--PERSONAL NAME | |
| Personal name | Չիլինկիրեան, Գրիգոր, |
| Dates associated with a name | 1839-1923 |
| Relator term | թարգմ. |
| Relationship | trl |
| 942 ## - ADDED ENTRY ELEMENTS (KOHA) | |
| Source of classification or shelving scheme | Universal Decimal Classification |
| Koha item type | Գրքեր / Books |
| Withdrawn status | Lost status | Source of classification or shelving scheme | Damaged status | Not for loan | Collection | Home library | Current library | Date acquired | Serial enumeration / chronology | Total checkouts | Full call number | Barcode | Date last seen | Price effective from | Koha item type | Public note |
|---|---|---|---|---|---|---|---|---|---|---|---|---|---|---|---|---|
| Universal Decimal Classification | Zhamkochyan Individual collection | Fundamental Scientific Library | Fundamental Scientific Library | 08/05/2025 | Հ․ 1 | Ժամ/352 | FL0690136 | 08/05/2025 | 08/05/2025 | Գրքեր / Books | ILL Non-Circ. | |||||
| Universal Decimal Classification | Zhamkochyan Individual collection | Fundamental Scientific Library | Fundamental Scientific Library | 08/05/2025 | Հ․ 2 | Ժամ/2163 | FL0690135 | 08/05/2025 | 08/05/2025 | Գրքեր / Books | ILL Non-Circ. |
ՀՀ Գիտությունների ազգային ակադեմիայի հիմնարար գիտական գրադարան = Fundamental Scientific Library of NAS RA
All site content, except where otherwise noted, is licensed under a